| 000 | 00700pam a2200229 a 4500 | ||
|---|---|---|---|
| 001 | 16529106 | ||
| 005 | 20180129052519.0 | ||
| 008 | 101102s2008 njua b 001 0 eng | ||
| 010 | _a 2010485703 | ||
| 020 | _a9780470105832 | ||
| 040 |
_aDLC _cDLC _dDLC |
||
| 041 | _aeng | ||
| 042 | _apcc | ||
| 080 | _a51 MUS | ||
| 100 | 1 | _a37 | |
| 101 | _aMAT | ||
| 245 | 1 | 0 |
_aMathematics for elementary teachers : _cGary L. Musser, William F. Burger, Blake E. Peterson. |
| 504 | _aIncludes bibliographical references and index. | ||
| 906 |
_a7 _bcbc _corigcop _d2 _eocip _f20 _gy-gencatlg |
||
| 942 |
_2ddc _cBK |
||
| 999 |
_c41146 _d41146 |
||